| 000 | 02587cam a2200385 i 4500 | ||
|---|---|---|---|
| 001 | 768714001 | ||
| 003 | CO-MdFUSB | ||
| 005 | 20240531062750.0 | ||
| 007 | ta | ||
| 008 | 990302t 1999enk b 001 0 eng | ||
| 020 | _a0521774918 | ||
| 040 |
_aDLC _beng _cCO-MdFUSB _dUKM _dC#P _dOCL _dOrLoB-B _erda |
||
| 041 | _aeng | ||
| 082 |
_223 _a231.1 _bM367 |
||
| 100 | 1 |
_aMarshall, Bruce, _d1955- _eautor |
|
| 245 | 1 | 0 |
_aTrinity and truth / _cBruce D. Marshall. |
| 264 | 1 |
_aCambridge, U.K. ; _aNew York : _bCambridge University Press, _c[1999] |
|
| 264 | 4 | _c© 1999 | |
| 300 |
_a287 páginas ; _c25 cm. |
||
| 336 |
_atexto _btxt _2rdacontent. |
||
| 337 |
_asin mediación _bn _2rdamedia. |
||
| 338 |
_avolumen _bnc _2rdacarrier. |
||
| 490 | 1 | _aCambridge studies in Christian doctrine ; | |
| 504 | _aIncludes bibliographical references and index. | ||
| 505 | _aTeología y verdad -- El Dios trino como centro de la creencia cristiana -- Justificación epistémica en la teología moderna -- Problemas sobre la justificación -- La primacía epistémica de la creencia en la Trinidad -- Prioridades epistémicas y afirmaciones ajenas -- El papel epistémico de la Espíritu -- El concepto de verdad -- Trinidad, verdad y creencia. | ||
| 520 | 1 | _a"Dos preguntas estrechamente relacionadas reciben respuestas claramente teológicas en este estudio: ¿Qué es la verdad? y ¿Cómo podemos saber si lo que hemos dicho es verdad? Bruce Marshall propone que la identificación de Dios como la Trinidad por parte de la comunidad cristiana sirve como clave para una tratamiento adecuado de estas cuestiones El profesor Marshall argumenta sobre bases trinitarias que la forma cristiana de identificar a Dios debe tener una primacía irrestricta cuando se trata de la justificación de la creencia, y propone una forma trinitaria de remodelar el concepto de verdad. El debate filosófico actual sobre la verdad, el significado y la creencia (en Davidson y otros) sugiere que una explicación trinitaria de la justificación epistémica y la verdad también es más convincente filosóficamente que los enfoques generalmente favorecidos en la teología moderna, como lo ejemplifican Schleiermacher, Ritschl, Rahner y otros. Marshall ofrece una forma contemporánea de concebir al Dios cristiano como "la verdad". | |
| 650 | 7 |
_aCristianismo _2 _922 |
|
| 650 | 7 |
_aTrinidad _9177 |
|
| 650 | 7 |
_aPaz _2embne _92054 _xAspectos religiosos _xCristianismo |
|
| 653 | _aVerdad | ||
| 830 | 0 |
_aCambridge studies in Christian doctrine ; _v3. |
|
| 942 | _cBK | ||
| 945 | _aJTF-925 | ||
| 999 |
_c67129 _d67129 |
||